| 000 | 00710cab a2200241 4500 | ||
|---|---|---|---|
| 001 | WB3307-08 | ||
| 008 | 090401t1997 xxu||||| |||| 00| 0 eng d | ||
| 035 | _a(Sirsi) u49421 | ||
| 041 | _aeng | ||
| 245 | _aCall for `London-wide Authority` | ||
| 260 | _c1997 | ||
| 350 | _a0 | ||
| 490 |
_aRICS Press Release _v(PR10) 10 February 1997 (1) |
||
| 520 | _aA Labour government would set up a London-wide strategic authority within two years of coming to power, says Shadow Environment secretary. | ||
| 650 | _aLABOUR PARTY | ||
| 650 | _aLONDON | ||
| 650 | _aPLANNING | ||
| 650 | _aREGENERATION | ||
| 650 | _aSTRATEGIC PLANNING | ||
| 690 | _aECONOMIC AND SOCIAL | ||
| 942 | _n0 | ||
| 948 | _c04/03/1997 | ||
| 999 |
_c30928 _d30928 |
||